Statistics for WWE Survivor Series Title Winners

Click here to take the quiz!

General Stats

  • This quiz has been taken 234 times
    (12 since last reset)
  • The average score is 21 of 33

Answer Stats

YearTitle WonWrestler% Correct
2008World HeavyweightJohn Cena
100%
1991WWF ChampionshipThe Undertaker
100%
2011WWE ChampionshipCM Punk
92%
1997WWF ChampionshipShawn Michaels
92%
2002World HeavyweightShawn Michaels
92%
2002WWE ChampionshipThe Big Show
92%
1999WWF ChampionshipThe Big Show
92%
1998WWF ChampionshipThe Rock
92%
2008WWE ChampionshipEdge
83%
2001IntercontinentalEdge
83%
2015WWE World HeavyweightRoman Reigns
83%
1997IntercontinentalStone Cold Steve Austin
83%
2006World HeavyweightBatista
75%
1995WWF ChampionshipBret Hart
75%
2014Diva'sNikki Bella
75%
2001WWF Tag TeamBubba Ray Dudley
67%
2001WWF Tag TeamD-Von Dudley
67%
2002WWE Tag TeamEddie Guerrero
67%
2015WWE World HeavyweightSheamus
67%
2001Women'sTrish Stratus
67%
1998Women'sSable
50%
2002WWE Tag TeamChavo Guerrero
42%
2006Women'sMickie James
42%
2010Diva'sNatalya
42%
1996WWF ChampionshipSycho Sid
42%
2014WWE Tag TeamThe Miz
42%
1994WWF ChampionshipBob Backlund
33%
2014WWE Tag TeamDamien Mizdow
33%
2002Women'sVictoria
33%
2022United StatesAustin Theory
25%
2002CruiserweightBilly Kidman
17%
1993SMW Tag TeamJimmy Del Ray
8%
1993SMW Tag TeamTom Prichard
8%

Score Distribution

Percentile by Number Answered

Percent of People with Each Score

Your Score History

You have not taken this quiz since the last reset